<?xml version="1.0" encoding="UTF-8"?>
<marc:record xmlns:marc="http://www.loc.gov/MARC21/slim">
   <marc:leader>00000nam a2200000 a 4500</marc:leader>
   <marc:datafield ind1=" " ind2=" " tag="653">
      <marc:subfield code="a">Spionage</marc:subfield>
   </marc:datafield>
   <marc:datafield ind1=" " ind2=" " tag="653">
      <marc:subfield code="a">CIA</marc:subfield>
   </marc:datafield>
   <marc:datafield ind1=" " ind2=" " tag="653">
      <marc:subfield code="a">DVD</marc:subfield>
   </marc:datafield>
   <marc:datafield ind1=" " ind2=" " tag="653">
      <marc:subfield code="a">ab 16</marc:subfield>
   </marc:datafield>
   <marc:datafield ind1=" " ind2=" " tag="653">
      <marc:subfield code="a">Actionthriller</marc:subfield>
   </marc:datafield>
   <marc:datafield ind1="0" ind2="0" tag="245">
      <marc:subfield code="a">The November Man</marc:subfield>
   </marc:datafield>
   <marc:datafield ind1="0" ind2="0" tag="245">
      <marc:subfield code="b">Es gibt keine Ex-Spione</marc:subfield>
   </marc:datafield>
   <marc:datafield ind1=" " ind2="1" tag="264">
      <marc:subfield code="b">Universum Film GmbH</marc:subfield>
      <marc:subfield code="c">2015</marc:subfield>
   </marc:datafield>
   <marc:datafield ind1="1" ind2=" " tag="520">
      <marc:subfield code="a">Der in die Jahre gekommene ehemalige CIA-Agent Peter Devereaux, Codename NOVEMBER MAN, bekommt den Auftrag, eine Zeugin ausfindig zu machen und zu beschützen, die offenbar stichfeste Beweise für die Schuld des zukünftigen russischen Präsidenten an einem grausamen Massaker in Tschetschenien hat. Er gerät dabei nicht nur ins Visier anderer CIA-Einheiten und des russischen Geheimdienstes, sondern trifft auch auf seinen einstigen Schützling Mason, einem ehrgeizigen CIA-Agenten, der wiederum auf ihn angesetzt wird. Bei dem Versuch, die Augenzeugin zu retten und die Geheimdienste auszutricksen, liefert er sich mit dem jungen Ex-Kollegen einen tödlichen Schlagabtausch, in den er all seine Erfahrung legt. Am Ende kann es nur einen geben, der sagen kann: Auftrag erledigt.</marc:subfield>
   </marc:datafield>
</marc:record>
